| 000 | 00765nam a22001937a 4500 | ||
|---|---|---|---|
| 999 |
_c16437 _d16437 |
||
| 003 | AR-CdUCM | ||
| 008 | 190225b ||||| |||| 00| 0 spa d | ||
| 040 |
_aMUNICIPALIDAD PROVINCIAL DEL CUSCO _cBIBLIOTECA MUNICIPAL DEL CUSCO |
||
| 082 |
_a985.61 / _bAN61 _22 ed. |
||
| 100 |
_aAngles Vargas, Victor. _93228 |
||
| 245 |
_aHistoria del Cusco : _bCusco Colonial / |
||
| 260 |
_bIndustrial gráfica L.A., _c1983. _aCusco : |
||
| 300 |
_a1228 paginas ; _c21 cm. |
||
| 505 | _aContenido :Los españoles en el Cusco -- La catedral del Cusco -- Convento e iglesia de San Francisco de Asís -- El terremoto del 31 de marzo de 1950 ... | ||
| 650 |
_aHistoria del Cusco. _91714 |
||
| 650 |
_aMaravilla del mundo. _924561 |
||
| 942 |
_2ddc _cLIBROS |
||
| 945 |
_apjha _d2019-05-07 |
||